000 00412nam a2200157Ia 4500
008 240729s9999 xx 000 0 und d
022 _a2409-515X
245 0 _aInternational Journal of Neonatal Screening
260 _aSwitzerland
260 _bMDPI AG
650 _a Pediatrics
650 _aMedicine
856 _uhttps://doaj.org/toc/8668639d0db24e0d86854722f99dd60a
942 _2ddc
942 _cDOAJEJ
999 _c74119
_d74119
945 _a1
_bMadushi Gamage
_c1
_dMadushi Gamage